Statistics for UK Embassies

Click here to take the quiz!

General Stats

  • This quiz has been taken 224 times
  • The average score is 76 of 111

Answer Stats

Country% Correct
USA
92%
Mexico
90%
Russia
88%
Japan
85%
France
85%
Portugal
84%
Germany
84%
China
83%
Spain
82%
Norway
82%
Egypt
82%
Swede
82%
Italy
82%
Argentina
82%
Brazil
82%
Slovenia
81%
Greece
81%
Iraq
81%
Slovakia
80%
Chile
80%
Peru
79%
Finland
79%
Ireland
79%
Austria
79%
Belarus
79%
Belgium
78%
Denmark
78%
Croatia
77%
South Korea
77%
Hungary
77%
Estonia
77%
Poland
77%
Switzerland
77%
Cuba
77%
Colombia
76%
Latvia
76%
Serbia
75%
Turkey
75%
Romania
75%
Algeria
75%
Netherlands
75%
Venezuela
75%
Lithuania
75%
Paraguay
75%
Bulgaria
74%
Saudi Arabia
73%
Bosnia and Herzegovina
73%
Ukraine
73%
Israel
73%
Albania
72%
Morocco
72%
Uruguay
72%
Iceland
71%
Tunisia
71%
Panama
71%
Czech Republic
70%
Bolivia
69%
Syria
69%
United Arab Emirates
69%
Libya
69%
Thailand
69%
Indonesia
69%
Montenegro
68%
Macedonia
68%
Luxembourg
68%
Armenia
67%
Ecuador
67%
Georgia
67%
Laos
67%
Vietnam
67%
Democratic Republic of Congo
66%
Sudan
65%
Jordan
65%
Oman
64%
Afghanistan
64%
Kosovo
64%
Haiti
64%
Yemen
63%
Moldova
63%
Costa Rica
63%
Guatemala
62%
Angola
62%
Cambodia
62%
Azerbaijan
61%
Kuwait
60%
Qatar
60%
Turkmenistan
59%
Ethiopia
59%
Dominican Republic
58%
Mongolia
58%
Kazakhstan
58%
Uzbekistan
58%
North Korea
58%
Bahrain
56%
Lebanon
56%
Somalia
55%
Tajikistan
53%
Senegal
53%
Nepal
51%
El Salvador
51%
Eritrea
51%
Madagascar
48%
South Sudan
47%
Kyrgyzstan
47%
Philippines
47%
Holy See
44%
Guinea
41%
Côte d'Ivoire
41%
Liberia
39%
Zimbabwe
38%
Burma
38%

Score Distribution

Percentile by Number Answered

Percent of People with Each Score

Your Score History

You have not taken this quiz